<?xml version="1.0" encoding="UTF-8"?>
<record
    xmlns:xsi="http://www.w3.org/2001/XMLSchema-instance"
    xsi:schemaLocation="http://www.loc.gov/MARC21/slim http://www.loc.gov/standards/marcxml/schema/MARC21slim.xsd"
    xmlns="http://www.loc.gov/MARC21/slim">

  <leader>00394    a2200121   4500</leader>
  <controlfield tag="001">ART_42010</controlfield>
  <controlfield tag="005">20260410161815.0</controlfield>
  <controlfield tag="008">260409a                                 </controlfield>
  <datafield tag="245" ind1="1" ind2="0">
    <subfield code="a">Aportes para la postergada deconstrucci&#xF3;n de la ense&#xF1;anza del derecho de familia</subfield>
  </datafield>
  <datafield tag="100" ind1="1" ind2=" ">
    <subfield code="a">Herrera, Marisa</subfield>
  </datafield>
  <datafield tag="700" ind1="1" ind2=" ">
    <subfield code="a">Spaventa, Ver&#xF3;nica</subfield>
  </datafield>
  <datafield tag="773" ind1="0" ind2=" ">
    <subfield code="t">Academia</subfield>
    <subfield code="g">- A&#xF1;o 4, N&#xBA; 7 (ene./jun. 2006)</subfield>
    <subfield code="w">REV4314</subfield>
  </datafield>
  <datafield tag="999" ind1=" " ind2=" ">
    <subfield code="c">21800</subfield>
    <subfield code="d">21800</subfield>
  </datafield>
</record>
